| Tag |
First Indicator |
Second Indicator |
Subfields |
| LEADER |
00000cam a2200000Ka 4500 |
| 001 |
in00002203621 |
| 006 |
m d f |
| 008 |
060818s2006 dcu sb f000 0 eng d |
| 005 |
20230331150207.2 |
| 035 |
|
|
|a (OCoLC)ocm70956865
|
| 035 |
|
|
|a in00002203621
|
| 040 |
|
|
|a GPO
|c GPO
|d MvI
|d UtOrBLW
|
| 043 |
|
|
|a n-us---
|
| 049 |
|
|
|a WWW
|
| 074 |
|
|
|a 0520-B-16 (online)
|
| 086 |
0 |
|
|a HS 4.118:M 73/2006
|
| 245 |
0 |
0 |
|a What every member of the trade community should know about :
|b classification of molds and their parts under the HTSUS.
|
| 246 |
3 |
0 |
|a Classification of molds and their parts under the HTSUS
|
| 264 |
|
1 |
|a [Washington, D.C.] :
|b U.S. Customs and Border Protection,
|c [2006]
|
| 300 |
|
|
|a 31 pages :
|b digital, PDF file.
|
| 336 |
|
|
|a text
|b txt
|2 rdacontent
|
| 337 |
|
|
|a computer
|b c
|2 rdamedia
|
| 338 |
|
|
|a unspecified
|b zu
|2 rdacarrier
|
| 500 |
|
|
|a "An informed compliance publication."
|
| 500 |
|
|
|a "First published: January 2001."
|
| 500 |
|
|
|a "Revised May 2006."
|
| 500 |
|
|
|a Title from title screen (viewed on Aug. 18, 2006).
|
| 504 |
|
|
|a Includes bibliographical references.
|
| 538 |
|
|
|a Mode of access: Internet from the CBP web site. Address as of 8/18/06: http://www.cbp.gov/linkhandler/cgov/toolbox/legal/informed%5Fcompliance%5Fpubs/icp059.ctt/icp059.pdf; current access is available via PURL.
|
| 500 |
|
|
|a Electronic resource.
|
| 650 |
|
0 |
|a Molding materials.
|
| 650 |
|
0 |
|a Tariff
|x Law and legislation
|z United States.
|
| 710 |
2 |
|
|a U.S. Customs and Border Protection.
|
| 856 |
4 |
0 |
|u https://purl.fdlp.gov/GPO/LPS73228
|t 0
|
| 999 |
|
|
|a MARS
|
| 999 |
f |
f |
|i 3ca6b546-b122-37ae-93ee-df996198a3b9
|s cbc9677c-e7c8-3d57-9d91-a36b43bc8986
|t 0
|
| 952 |
f |
f |
|a Texas A&M University
|b College Station
|c Electronic Resources
|d Available Online
|t 0
|e HS 4.118:M 73/2006
|h Superintendent of Documents classification
|
| 998 |
f |
f |
|a HS 4.118:M 73/2006
|t 0
|l Available Online
|